000
00332nam a2200145Ia 4500
008
230917s9999||||xx |||||||||||||| ||und||
020
_c
RS195
040
_e
24807
_a
MAIN
041
_a
English
082
_a
547.2 C237M
100
_a
Carruthers, W
245
0
_a
Modern Methods of organic synthesis
260
_c
1996
942
_c
BK
999
_c
96140
_d
96140